| 000 | 00768nas a2200265 4500 | ||
|---|---|---|---|
| 001 | BR7305796 | ||
| 003 | BR-BrBNA | ||
| 005 | 20231205082542.0 | ||
| 007 | ta | ||
| 008 | 230509b bl.|||p| |||| 00| 00por d | ||
| 040 |
_aBR-BrBNA _bpor _cBiblioteca Nacional de Agricultura |
||
| 041 | _a(Pt) | ||
| 072 | _aH20 | ||
| 100 | 1 | _aTarrago, M.T. | |
| 100 | 1 | _aLehman, P.S. | |
| 100 | 1 | _aSouza, B.H. | |
| 100 | 1 | _aMinor, H.C. | |
| 245 | 1 | _aAnalises de doencas da soja no banco de germoplasma [Glycine max] | |
| 650 | _aDOENCA DE PLANTA | ||
| 650 | _aSOJA | ||
| 650 | _aBANCO DE GERMOPLASMA | ||
| 773 | 0 |
_tAgronomia Sulriograndense (Brazil) _xISSN 0400-8111 _g(1975), v. 11(1) p. 15-28 _wBR7305796 |
|
| 909 |
_a202311 _bLúcia _c55 _dLúcia Elande |
||
| 942 |
_2AGRIS _n0 _cANA |
||
| 999 |
_c92733 _d92733 |
||